Names That Are in Country Names - Statistics

General Stats
  • This quiz has been taken 50 times
    31 since last reset
  • The average score is 7 of 39
Answer Stats
Name % Correct
Chad
76%
China
44%
Fran
36%
India
36%
Russ
36%
Georgia
32%
Jordan
32%
Lucia
32%
Vincent
28%
Cam
24%
Dominic
24%
Kitt
24%
Stan
24%
Tina
24%
Ben
20%
Israel
20%
Marshall
20%
Solomon
20%
Ireland
16%
Philip
16%
Ted
16%
Don
12%
Mark
12%
Nic
12%
Po
12%
Sierra
12%
Ali
8%
Gary
8%
Sam
8%
Suri
8%
Kenya
4%
Olivia
4%
Rocco
4%
Tom
4%
Wanda
4%
Elize
0%
Ivory
0%
Mira
0%
Nadine
0%
No matching quizzes found
Score Distribution
Percent of People with Each Score
Percentile by Number Answered
Your Score History
You have not taken this quiz since the last reset